El Arcipreste de Hita : (Record no. 175536)

MARC details
000 -LEADER
campo de control de longitud fija 00926nam a2200253 i 4500
001 - NÚMERO DE CONTROL
campo de control 175536
003 - IDENTIFICADOR DE NÚMERO DE CONTROL
campo de control ES-MaACL
005 - FECHA Y HORA DE LA ÚLTIMA TRANSACCIÓN
campo de control 20250905150403.0
007 - CAMPO FIJO DE DESCRIPCIÓN FÍSICA--INFORMACIÓN GENERAL
campo de control de longitud fija t|
008 - DATOS DE LONGITUD FIJA--INFORMACIÓN GENERAL
campo de control de longitud fija 101104s1963 sp r ||||1| spa d
080 ## - NÚMERO DE LA CLASIFICACIÓN DECIMAL UNIVERSAL
Número de la Clasificación Decimal Universal 821.134.2 Ruiz, Juan, Arcipreste de Hita
100 1# - ENTRADA PRINCIPAL--NOMBRE DE PERSONA
Nombre de persona Ruiz, Juan
Títulos y otros términos asociados al nombre , Arcipreste de Hita.
9 (RLIN) 100615
245 13 - MENCIÓN DEL TÍTULO
Título El Arcipreste de Hita :
Resto del título estudio y antología /
Mención de responsabilidad, etc. por Federico Torres.
260 ## - PUBLICACIÓN, DISTRIBUCIÓN, ETC.
Lugar de publicación, distribución, etc. Madrid :
Nombre del editor, distribuidor, etc. Compañía Bibliográfica Española,
Fecha de publicación, distribución, etc. 1963.
300 ## - DESCRIPCIÓN FÍSICA
Extensión 174 p. ;
Dimensiones 19 cm.
490 1# - MENCIÓN DE SERIE
Mención de serie Un autor en un libro ;
Designación de volumen o secuencia 7
504 ## - NOTA DE BIBLIOGRAFÍA, ETC.
Nota de bibliografía, etc. Bibliografía: p. 173-174.
600 14 - PUNTO DE ACCESO ADICIONAL DE MATERIA--NOMBRE DE PERSONA
Nombre de persona Ruiz, Juan
Títulos y otros términos asociados al nombre Arcipreste de Hita-
Subdivisión general Crítica e interpretación.
9 (RLIN) 143836
700 1# - ENTRADA AGREGADA--NOMBRE PERSONAL
Nombre de persona Torres, Federico,
Fechas asociadas al nombre 1907-1997
9 (RLIN) 110889
710 2# - ENTRADA AGREGADA--NOMBRE DE ENTIDAD CORPORATIVA
Nombre de entidad corporativa o nombre de jurisdicción como elemento de entrada Compañía Bibliográfica Española.
9 (RLIN) 171207
830 1# - PUNTO DE ACCESO ADICIONAL DE SERIE-TÍTULO UNIFORME
Título uniforme Un autor en un libro ;
Designación de volumen o secuencia 7
9 (RLIN) 182717
852 ## - LOCALIZACIÓN
Ubicación ES-MaACL
Número de control de estantería E-13433
Encuadernación Olim P-651-bis
Holdings
Estatus retirado Estado de pérdida Estado de daño No para préstamo Biblioteca de origen Biblioteca actual Ubicación en estantería Fecha de adquisición Fuente de adquisición Total de préstamos Signatura topográfica completa Código de barras Visto por última vez Precio de reemplazo Tipo de ítem Koha
        Biblioteca del Ateneo de Madrid Biblioteca del Ateneo de Madrid Depósito 2 04/11/2010     E-13433 1184313 23/02/2023 23/02/2023 Libro impreso